1970 1929 1264 1320 1320 1379 1823 1498 1592 1965 1280 1376 1932 1580 1475 1525 1633 1894 1947 1754 1890 1172 1363 1253 1828 1947 1310 1413 1610 1612 1361 1530 1590 1890 1637 1805 1777 1238 1646 1095 1710 1581 1365 1261 1988 1060 1010 1342 1013 1137 1876 1176 1919 1793 1907 1037 1931 1637 1613 1271 1771 1949 1922 1381 1522 1586 1461 1050 1177 1944 1732 1701 1599 1959 1235 1812 1562 1788 1051 1419 1689 1973 1768 1529 1867 1029 1453 1261 1067 1263 1450 1309 1836 1495 1266 1462 1919 1104 1457 BCNSPRNW ULIB Ver.6.0+V

เปลี่ยนเป็นภาษาไทย

Change to English
 แสดงรายละเอียดบรรณานุกรม
  กลับหน้าหลัก

Brief Record : Get Marc (ISO 2709) : E-mail record : QR code < ปิดหน้าต่าง
LEADER : 00000nam 2200000uu 4500
001    13399108265
003     ULIB
008    110225s2550||||th 000 0 tha d
060  4 WV140^bว429ร 2550
100 0  วันทนีย์ บุญบงการ
245 00 ความรู้เรื่องโรค:โรคทางระบบหู ตา คอ จมูกและกลุ่มอุบัติเหตุ/^cวันทนีย์ บุญบงการ
260    กรุงเทพฯ:^bสำนักพิมพ์ยูบุ๊ค,^c2550
300    79 หน้า :^bภาพประกอบสี
650  7 โรคทางระบบหู ตา คอ จมูก
650  7 อุบัติเหตุ
856    ทศพร
945    ^p625^l0^i026629
999 ^a ใช้งานได้ทุกระบบ
รายการนี้ยังไม่มีแท็ก
คุณยังไม่ได้ล็อกอิน คุณสามารถมีกิจกรรมร่วมกับเว็บไซต์ได้ แต่ต้องล็อกอินก่อน ::
  ล็อกอิน

รายการสื่อสารสนเทศ

ลำดับที่ ประเภท เลขเรียก/บาร์โค้ด สถานที่ สถานะ
- ไม่พบข้อมูล -

รายการใกล้เคียง
    ผู้แต่ง [วันทนีย์ บุญบงการ]

    หัวเรื่อง [โรคทางระบบหู ตา คอ จมูก]
    หัวเรื่อง [อุบัติเหตุ]

BibComment


ยังไม่เคยถูกคอมเมนท์

คอมเมนท์ทรัพยากรรายการนี้
  คอมเมนท์: ความรู้เรื่องโรคโ..


 Copyright 2026. Bcnsprnw @Library